<?xml version="1.0" encoding="UTF-8"?>
<record
    xmlns:xsi="http://www.w3.org/2001/XMLSchema-instance"
    xsi:schemaLocation="http://www.loc.gov/MARC21/slim http://www.loc.gov/standards/marcxml/schema/MARC21slim.xsd"
    xmlns="http://www.loc.gov/MARC21/slim">

  <leader>00756cas a2200205   4500</leader>
  <datafield tag="040" ind1=" " ind2=" ">
    <subfield code="c">COO</subfield>
  </datafield>
  <datafield tag="082" ind1=" " ind2=" ">
    <subfield code="a">200 SOC 2020 C023 Or.</subfield>
  </datafield>
  <datafield tag="110" ind1="2" ind2=" ">
    <subfield code="a">Society for the Scientific Study of Religion.</subfield>
  </datafield>
  <datafield tag="245" ind1="1" ind2="0">
    <subfield code="a">Book of abstracts.</subfield>
  </datafield>
  <datafield tag="260" ind1=" " ind2=" ">
    <subfield code="a">[s.l.]</subfield>
    <subfield code="b">Society for the Scientific Study of Religion.</subfield>
  </datafield>
  <datafield tag="300" ind1=" " ind2=" ">
    <subfield code="a">v.</subfield>
    <subfield code="c">23 cm.</subfield>
  </datafield>
  <datafield tag="500" ind1=" " ind2=" ">
    <subfield code="a">"Annual meeting, Society for the Scientific Study of Religion in conjunction with Religious Research Association and Association of Professors and Research in Religious Education."</subfield>
  </datafield>
  <datafield tag="650" ind1=" " ind2="0">
    <subfield code="a">Religion</subfield>
  </datafield>
  <datafield tag="650" ind1=" " ind2="0">
    <subfield code="a">Religion</subfield>
  </datafield>
  <datafield tag="650" ind1=" " ind2="0">
    <subfield code="a">Religion</subfield>
  </datafield>
  <datafield tag="650" ind1=" " ind2="0">
    <subfield code="a">Religion</subfield>
  </datafield>
  <datafield tag="710" ind1="2" ind2=" ">
    <subfield code="a">Religious Research Association.</subfield>
  </datafield>
  <datafield tag="710" ind1="2" ind2=" ">
    <subfield code="a">Association of Professors and Researchers in Religious Education.</subfield>
  </datafield>
  <datafield tag="942" ind1=" " ind2=" ">
    <subfield code="c">AEDBB</subfield>
  </datafield>
  <datafield tag="999" ind1=" " ind2=" ">
    <subfield code="c">22538</subfield>
    <subfield code="d">22538</subfield>
  </datafield>
  <datafield tag="952" ind1=" " ind2=" ">
    <subfield code="0">0</subfield>
    <subfield code="1">0</subfield>
    <subfield code="4">0</subfield>
    <subfield code="6">200_000000000000000_SOC_2020_C023_OR</subfield>
    <subfield code="7">0</subfield>
    <subfield code="9">96981</subfield>
    <subfield code="a">LBC</subfield>
    <subfield code="b">LBC</subfield>
    <subfield code="c">C023</subfield>
    <subfield code="d">2024-01-11</subfield>
    <subfield code="o">200 SOC 2020 C023 Or.</subfield>
    <subfield code="p">A074845</subfield>
    <subfield code="r">2024-01-11</subfield>
    <subfield code="y">AEDBB</subfield>
  </datafield>
  <datafield tag="952" ind1=" " ind2=" ">
    <subfield code="0">0</subfield>
    <subfield code="1">0</subfield>
    <subfield code="4">0</subfield>
    <subfield code="6">200_000000000000000_SOC_2020_C023_OR</subfield>
    <subfield code="7">0</subfield>
    <subfield code="9">96982</subfield>
    <subfield code="a">LBC</subfield>
    <subfield code="b">LBC</subfield>
    <subfield code="c">C023</subfield>
    <subfield code="d">2024-01-11</subfield>
    <subfield code="o">200 SOC 2020 C023 Or.</subfield>
    <subfield code="p">A074853</subfield>
    <subfield code="r">2024-01-11</subfield>
    <subfield code="y">AEDBB</subfield>
  </datafield>
  <datafield tag="952" ind1=" " ind2=" ">
    <subfield code="0">0</subfield>
    <subfield code="1">0</subfield>
    <subfield code="4">0</subfield>
    <subfield code="6">200_000000000000000_SOC_2020_C023_OR</subfield>
    <subfield code="7">0</subfield>
    <subfield code="9">96983</subfield>
    <subfield code="a">LBC</subfield>
    <subfield code="b">LBC</subfield>
    <subfield code="c">C023</subfield>
    <subfield code="d">2024-01-11</subfield>
    <subfield code="o">200 SOC 2020 C023 Or.</subfield>
    <subfield code="p">A074925</subfield>
    <subfield code="r">2024-01-11</subfield>
    <subfield code="y">AEDBB</subfield>
  </datafield>
  <datafield tag="952" ind1=" " ind2=" ">
    <subfield code="0">0</subfield>
    <subfield code="1">0</subfield>
    <subfield code="4">0</subfield>
    <subfield code="6">200_000000000000000_SOC_2020_C023_OR</subfield>
    <subfield code="7">0</subfield>
    <subfield code="9">96984</subfield>
    <subfield code="a">LBC</subfield>
    <subfield code="b">LBC</subfield>
    <subfield code="c">C023</subfield>
    <subfield code="d">2024-01-11</subfield>
    <subfield code="o">200 SOC 2020 C023 Or.</subfield>
    <subfield code="p">A074933</subfield>
    <subfield code="r">2024-01-11</subfield>
    <subfield code="y">AEDBB</subfield>
  </datafield>
  <datafield tag="952" ind1=" " ind2=" ">
    <subfield code="0">0</subfield>
    <subfield code="1">0</subfield>
    <subfield code="4">0</subfield>
    <subfield code="6">200_000000000000000_SOC_2020_C023_OR</subfield>
    <subfield code="7">0</subfield>
    <subfield code="9">96985</subfield>
    <subfield code="a">LBC</subfield>
    <subfield code="b">LBC</subfield>
    <subfield code="c">C023</subfield>
    <subfield code="d">2024-01-11</subfield>
    <subfield code="o">200 SOC 2020 C023 Or.</subfield>
    <subfield code="p">A074921</subfield>
    <subfield code="r">2024-01-11</subfield>
    <subfield code="y">AEDBB</subfield>
  </datafield>
  <datafield tag="952" ind1=" " ind2=" ">
    <subfield code="0">0</subfield>
    <subfield code="1">0</subfield>
    <subfield code="4">0</subfield>
    <subfield code="6">200_000000000000000_SOC_2020_C023_OR</subfield>
    <subfield code="7">0</subfield>
    <subfield code="9">96986</subfield>
    <subfield code="a">LBC</subfield>
    <subfield code="b">LBC</subfield>
    <subfield code="c">C023</subfield>
    <subfield code="d">2024-01-11</subfield>
    <subfield code="o">200 SOC 2020 C023 Or.</subfield>
    <subfield code="p">A074909</subfield>
    <subfield code="r">2024-01-11</subfield>
    <subfield code="y">AEDBB</subfield>
  </datafield>
  <datafield tag="952" ind1=" " ind2=" ">
    <subfield code="0">0</subfield>
    <subfield code="1">0</subfield>
    <subfield code="4">0</subfield>
    <subfield code="6">200_000000000000000_SOC_2020_C023_OR</subfield>
    <subfield code="7">0</subfield>
    <subfield code="9">96987</subfield>
    <subfield code="a">LBC</subfield>
    <subfield code="b">LBC</subfield>
    <subfield code="c">C023</subfield>
    <subfield code="d">2024-01-11</subfield>
    <subfield code="o">200 SOC 2020 C023 Or.</subfield>
    <subfield code="p">A074913</subfield>
    <subfield code="r">2024-01-11</subfield>
    <subfield code="y">AEDBB</subfield>
  </datafield>
  <datafield tag="952" ind1=" " ind2=" ">
    <subfield code="0">0</subfield>
    <subfield code="1">0</subfield>
    <subfield code="4">0</subfield>
    <subfield code="6">200_000000000000000_SOC_2020_C023_OR</subfield>
    <subfield code="7">0</subfield>
    <subfield code="9">96988</subfield>
    <subfield code="a">LBC</subfield>
    <subfield code="b">LBC</subfield>
    <subfield code="c">C023</subfield>
    <subfield code="d">2024-01-11</subfield>
    <subfield code="o">200 SOC 2020 C023 Or.</subfield>
    <subfield code="p">A074881</subfield>
    <subfield code="r">2024-01-11</subfield>
    <subfield code="y">AEDBB</subfield>
  </datafield>
  <datafield tag="952" ind1=" " ind2=" ">
    <subfield code="0">0</subfield>
    <subfield code="1">0</subfield>
    <subfield code="4">0</subfield>
    <subfield code="6">200_000000000000000_SOC_2020_C023_OR</subfield>
    <subfield code="7">0</subfield>
    <subfield code="9">96989</subfield>
    <subfield code="a">LBC</subfield>
    <subfield code="b">LBC</subfield>
    <subfield code="c">C023</subfield>
    <subfield code="d">2024-01-11</subfield>
    <subfield code="o">200 SOC 2020 C023 Or.</subfield>
    <subfield code="p">A074893</subfield>
    <subfield code="r">2024-01-11</subfield>
    <subfield code="y">AEDBB</subfield>
  </datafield>
  <datafield tag="952" ind1=" " ind2=" ">
    <subfield code="0">0</subfield>
    <subfield code="1">0</subfield>
    <subfield code="4">0</subfield>
    <subfield code="6">200_000000000000000_SOC_2020_C023_OR</subfield>
    <subfield code="7">0</subfield>
    <subfield code="9">96990</subfield>
    <subfield code="a">LBC</subfield>
    <subfield code="b">LBC</subfield>
    <subfield code="c">C023</subfield>
    <subfield code="d">2024-01-11</subfield>
    <subfield code="o">200 SOC 2020 C023 Or.</subfield>
    <subfield code="p">A074917</subfield>
    <subfield code="r">2024-01-11</subfield>
    <subfield code="y">AEDBB</subfield>
  </datafield>
</record>
